Normal view
MARC view
- Proctor, K.Scott
Entry Personal Name
001 - CONTROL NUMBER
- control field: 63665
003 - CONTROL NUMBER IDENTIFIER
- control field: NUST
005 - DATE AND TIME OF LATEST TRANSACTION
- control field: 20210628203144.0
008 - FIXED-LENGTH DATA ELEMENTS
- fixed length control field: 210628|| aca||aabn | a|a d
040 ## - CATALOGING SOURCE
- Original cataloging agency: NUST
- Transcribing agency: NUST
100 ## - HEADING--PERSONAL NAME
- Personal name: Proctor, K.Scott
670 ## - SOURCE DATA FOUND
- Source citation: Work cat.: (NUST): Proctor, K.Scott, Building financial models with microsoft excel , a guide to business professionals, 2005
